'V' Blitz Quiz Stats

Quiz Updated Sep 10, 2015

Also try: 'W' Blitz
Challenge
Share
Tweet
Embed
Score 0/40 Timer 04:00
14 Plays Today
Category Answer % Correct
PlanetVenus
97.6%
Orchestra InstrumentViolin
92.1%
US StateVermont
91.9%
Monopoly PropertyVentnor Avenue
91.1%
Part of SpeechVerb
88.8%
South American CountryVenezuela
88%
Italian City*Venice
85.5%
Pope NamesValentine
84.7%
Meat TypeVenison
84.6%
Santa's ReindeerVixen
83.4%
British MonarchVictoria
80.8%
Distilled SpiritVodka
76.7%
Swedish Car ManufacturerVolvo
76.3%
Asian CountryVietnam
75.9%
European Capital CityVaduz
73.2%
FabricVelvet
69.7%
Zodiac SignVirgo
68.9%
VolcanoVesuvius
68.7%
US Federal HolidayVeterans Day
67.3%
NFL TeamVikings
61.1%
Category Answer % Correct
Heart ChamberVentricle
59.9%
Wonka KidViolet Beauregarde
58.9%
Ben & Jerry's Ice Cream FlavorVanilla
57.8%
Rank of NobilityViscount
56.4%
Star Trek Race (Original series)Vulcan
53.9%
Alfred Hitchcock MovieVertigo
48.1%
US PresidentVan Buren
45.6%
Olympic SportVolleyball
44.4%
Post-Impressionist PainterVincent van Gogh
43.9%
Oceania CountryVanuatu
43.8%
Winter Olympic CityVancouver
41.7%
Major World River**Volga
38%
French Number (1-20)Vingt
36.1%
Sex Pistol (Last Name)Vicious
32.4%
M. Night Shyamalan Movie***The Village
28.9%
American Civil War BattleVicksburg
27%
Human BoneVertebra
25.4%
Legendary CreatureVampire
23.8%
ElementVanadium
23.6%
Bond Movie***A View to a Kill
18.6%

You're not logged in!

Compare scores with friends on all Sporcle quizzes.
Sign Up with Email
OR
Log In

You Might Also Like...

Show Comments

Extras

Top Quizzes Today


Score Distribution

Your Account Isn't Verified!

In order to create a playlist on Sporcle, you need to verify the email address you used during registration. Go to your Sporcle Settings to finish the process.